Reverse engineering : (Record no. 20475)
[ view plain ]
| 000 -LEADER | |
|---|---|
| fixed length control field | 01281cam a22002535a 4500 |
| 001 - CONTROL NUMBER | |
| control field | 17942039 |
| 005 - DATE AND TIME OF LATEST TRANSACTION | |
| control field | 20160105141732.0 |
| 008 - FIXED-LENGTH DATA ELEMENTS--GENERAL INFORMATION | |
| fixed length control field | 131114t2014 nyua frb 001 0 eng d |
| 020 ## - INTERNATIONAL STANDARD BOOK NUMBER | |
| International Standard Book Number | 9780071825160 |
| 020 ## - INTERNATIONAL STANDARD BOOK NUMBER | |
| International Standard Book Number | 0071825169 |
| 040 ## - CATALOGING SOURCE | |
| Original cataloging agency | DLC |
| Language of cataloging | eng |
| Transcribing agency | DLC |
| Modifying agency | DLC |
| -- | EG-ScBUE |
| 082 04 - DEWEY DECIMAL CLASSIFICATION NUMBER | |
| Classification number | 620.0042 |
| Edition number | 22 |
| Item number | MES |
| 100 1# - MAIN ENTRY--PERSONAL NAME | |
| Personal name | Messler, Robert W., |
| Dates associated with a name | 1942- |
| 9 (RLIN) | 38977 |
| Titles and other words associated with a name | Jr., |
| 245 10 - TITLE STATEMENT | |
| Title | Reverse engineering : |
| Remainder of title | mechanisms, structures, systems, and materials / |
| Statement of responsibility, etc | Robert W. Messler, Jr. |
| 260 ## - PUBLICATION, DISTRIBUTION, ETC. (IMPRINT) | |
| Place of publication, distribution, etc | New York : |
| Name of publisher, distributor, etc | MCGraw-Hill Education, |
| Date of publication, distribution, etc | c.2014. |
| 300 ## - PHYSICAL DESCRIPTION | |
| Extent | xv, 426 p. : |
| Other physical details | ill. ; |
| Dimensions | 25 cm. |
| 500 ## - GENERAL NOTE | |
| General note | Index : p. 419-426. |
| 504 ## - BIBLIOGRAPHY, ETC. NOTE | |
| Bibliography, etc | Includes bibliographical references. |
| 520 ## - SUMMARY, ETC. | |
| Summary, etc | "A comprehensive, fresh, and deservedly heightened look at reverse engineering as a legitimate approach to the learning and understanding to be gained from a design - a textbook for engineering students (taking required Intro to Engineering & Design and required Senior Design courses - especially for the subset of courses focused on Creative Design and Reverse Engineering) as they learn design and an on-the-job manual for practicing engineers engaged in design"-- |
| 650 #7 - SUBJECT ADDED ENTRY--TOPICAL TERM | |
| Topical term or geographic name as entry element | Reverse engineering. |
| Source of heading or term | BUEsh |
| 9 (RLIN) | 38978 |
| 651 ## - SUBJECT ADDED ENTRY--GEOGRAPHIC NAME | |
| Source of heading or term | BUEsh |
| 653 ## - INDEX TERM--UNCONTROLLED | |
| Resource For college | Engineering, General |
| Arrived date list | August2015 |
| -- | January2016 |
| 942 ## - ADDED ENTRY ELEMENTS (KOHA) | |
| Source of classification or shelving scheme | Dewey Decimal Classification |
| Withdrawn status | Lost status | Source of classification or shelving scheme | Damaged status | Not for loan | Koha collection | Home library | Current library | Shelving location | Date acquired | Source of acquisition | Cost, normal purchase price | Serial Enumeration / chronology | Total Checkouts | Full call number | Barcode | Date last seen | Cost, replacement price | Koha item type |
|---|---|---|---|---|---|---|---|---|---|---|---|---|---|---|---|---|---|---|
| Dewey Decimal Classification | Baccah | Central Library | Central Library | First floor | 05/08/2015 | Purchase | 800.00 | 21761 | 620.0042 MES | 000039028 | 15/07/2025 | 1000.00 | Book - Borrowing |